000 01645cam a22004694i 4500
003 PE-LiUPU
005 20250731173529.0
008 150616s1996 miu rb 000 0 spa d
020 _a0801010527
035 _a(Sirsi) i9780801010521
040 _aPE-LiUPU
_bspa
_cPE-LiUPU
_erda
049 _aPRUA
082 0 4 _a226.4077
_bB64
_221
100 1 _aBock, Darrell L.,
_eautor.
245 1 0 _aLuke 9:51 - 24:53 /
_cDarrell L. Bock.
264 1 _aMichigan :
_bBaker Books,
_c1996.
300 _aVarias páginas ;
_c23 centímetros
336 _atext
_2rdacontent
337 _aunmediated
_2rdamedia
338 _avolume
_2rdacarrier
504 _aIncluye bibliografía.
505 0 _aJerusalem journey: Jewish rejection and the new way.- Jerusalem: the innocent one slain and raised.- Last super: the nature and timing of the meal.
526 _aSEG42
526 _aSEG41
526 _aSEG40
526 _aSEG39
526 _aP94
526 _aP87
526 _aP86
526 _aP85
526 _aP77
526 _aP76
526 _aP35
630 _aBiblia.
_pN.T.
_pLucas
_xComentarios.
910 _ajck
_bjvq
_cjck
942 _2ddc
_cBOOK
949 _a226.4077 B64
_wDEWEY
_c1
_i42210
_d2016-1-6
_e2016-1-5
_lCCODEBUL1
_mBUL
_n1
_r0
_sY
_tBOOK
_u2015-6-16
_xTEOLOGIA
_zUNKNOWN
_0COMPRA
_o.STAFF. Colección Teología
994 _aC0
_bPEPRU
596 _a1
999 _a226.4077 B64
_wDEWEY
_c60041
_i42210
_d60041
_e2017-10-24
_f2021-11-9
_g5
_lCCODEBUL1
_mBUL
_n2
_p25.00
_q8
_r0
_sY
_tBOOK
_u2015-6-16
_xTEOLOGIA
_PP35
_0COMPRA
_o.STAFF. Colección Teología
980 _81
_gALBERTO SANCHEZ Responsable de Automatización